Normal view
MARC view
Entry Personal Name
001 - CONTROL NUMBER
- control field: 6818
003 - CONTROL NUMBER IDENTIFIER
- control field: BD-RjUL
005 - DATE AND TIME OF LATEST TRANSACTION
- control field: 20230201161911.0
008 - FIXED-LENGTH DATA ELEMENTS
- fixed length control field: 230201|| aca||aabn | a|a d
040 ## - CATALOGING SOURCE
- Original cataloging agency: BD-RjUL
- Transcribing agency: BD-RjUL
100 ## - HEADING--PERSONAL NAME
- Personal name: বেগ, মো: মাহবুব আলম
670 ## - SOURCE DATA FOUND
- Source citation: Work cat.: (BD-RjUL)81163: বেগ, মো: মাহবুব আলম, বাংলাদেশের লোকসাহিত্যে নিম্নবিত্ত সমাজ :, ১৯৯৩